000 01471cam a22004694i 4500
003 PE-LiUPU
005 20250731173030.0
008 150623s r 000 0 d
020 _a1573120375
035 _a(Sirsi) i9781573120371
040 _aPE-LiUPU
_bspa
_cPE-LiUPU
_erda
049 _aPRUA
082 0 4 _a248.4861
_bB84
_221
100 1 _aBrown, Raymon Lamon,
_eautor.
245 1 0 _aCrowing spiritually with the saints /
_cRaymon Lamon Brown.
264 1 _aMacon, Georgia :
_bPeake Road,
_c1996.
300 _a97 páginas ;
_c22 centímetros
336 _atext
_2rdacontent
337 _aunmediated
_2rdamedia
338 _avolume
_2rdacarrier
490 0 _aReclaiming the Sacred
504 _aIncluye bibliografía.
505 0 _aCatherine of Genoa. -William Law.
526 _aSEG42
526 _aSEG41
526 _aSEG40
526 _aSEG39
526 _aP94
526 _aP87
526 _aP86
526 _aP85
526 _aP77
526 _aP76
526 _aP35
650 0 4 _aVida espiritual.
_91182
942 _2ddc
_cBOOK
949 _a248.4861 B84
_wDEWEY
_c1
_i48077
_lCCODEBUL1
_mBUL
_r0
_sY
_tBOOK
_u2015-6-24
_xTEOLOGIA
_PP35
_0COMPRA
_o.STAFF. Colección General
994 _aC0
_bPEPRU
596 _a1
999 _a248.4861 B84
_wDEWEY
_c24941
_i48077
_f2021-11-11
_g5
_lCCODEBUL1
_mBUL
_r0
_sY
_tBOOK
_u2015-6-24
_xTEOLOGIA
_PP35
_0COMPRA
_o.STAFF. Colección General
_d24941
980 _81
_gALBERTO SANCHEZ Responsable de Automatización